Valtiot, joilla on eniten alueita tropiikissa - Statistics

Yleistilastot
  • Tätä visaa on pelattu 1 114 kertaa
  • Keskiarvotulos 13 / 20
Vastaustilastot
km2 Valtio % tropiikissa % Oikein
7,88 milj. Brasilia 92,5
96%
2,34 milj. Kongon dem. tasavalta 100
87%
1,91 milj. Indonesia 100
85%
1,29 milj. Peru 100
79%
1,90 milj. Intia 60
78%
1,14 milj. Kolumbia 100
77%
0,916 milj. Venezuela 100
72%
2,89 milj. Australia 37,5
70%
1,10 milj. Bolivia 100
69%
1,25 milj. Niger 99
68%
0,923 milj. Nigeria 100
65%
0,945 milj. Tansania 100
64%
0,982 milj. Meksiko 50
60%
1,89 milj. Sudan 100
59%
1,10 milj. Etiopia 100
57%
1,28 milj. Tšad 100
57%
1,25 milj. Angola 100
55%
1,18 milj. Mali 95
54%
0,902 milj. Mauritania 87,5
45%
1,07 milj. Saudi-Arabia 50
43%
Ehtoja vastaavia visoja ei löytynyt
Tulosjakauma
Jokaisen tuloksen saaneiden osuus
Persentiili vastausten määrän mukaan
Tuloshistoriasi
Et ole pelannut tätä visaa